000 00820cam a22002531 4500
001 he 67000635
003 DLC
005 20260227111445.0
008 840125s1963 nyu 000 0 heb
010 _ahe 67000635
035 _a(OCoLC)19160046
040 _aDLC
_cMH
_dDLC
042 _apremarc
050 0 0 _aBM522.44
_b.D3 1861a
100 0 _aIsaac ben David,
_cof Constantinople,
_dapproximately 1700-1758.
245 1 0 _aDivre emet.
260 _aNew York :
_bPrinted by Edison Lithographing and Printing Corp.
_c[1963?]
300 _a136, 8 leaves ;
_c35 cm.
500 _aPhoto-offset of Halberstadt 1861 (?) ed. without "derushim" [39 leaves at end]
630 0 0 _aTalmud
_xCommentaries.
650 0 _aResponsa
_y1600-1800.
752 _aGermany
_dHalberstadt
752 _aUnited States
_bNew York
_dNew York
999 _c32278
_d32278